LIBRARY & INFORMATION CENTRE, KCAET, TAVANUR

ONLINE PUBLIC ACCESS CATALOGUE (OPAC)

Groundwater In Hydrosphere (Ground Water Hydrology) (Record no. 14386)

MARC details
000 -LEADER
fixed length control field 00323nam a22001217a 4500
020 ## - INTERNATIONAL STANDARD BOOK NUMBER
ISBN 8123907516
082 ## - DEWEY DECIMAL CLASSIFICATION NUMBER
Classification number 551.49
Item number NAG/AR
100 ## - MAIN ENTRY--AUTHOR NAME
Personal name Nagabhushaniah,H.S
245 ## - TITLE STATEMENT
Title Groundwater In Hydrosphere (Ground Water Hydrology)
260 ## - PUBLICATION, DISTRIBUTION, ETC. (IMPRINT)
Place of publication New Delhi
Name of publisher CBS Publishers & Distributors
Year of publication 2001
300 ## - PHYSICAL DESCRIPTION
Number of Pages 387
942 ## - ADDED ENTRY ELEMENTS (KOHA)
Koha item type Books
Holdings
Withdrawn status Lost status Damaged status Collection code Home library Current library Shelving location Date acquired Source of acquisition Cost, normal purchase price Full call number Accession Number Koha item type
        KAUAET KAUAET General Stacks 27/06/2016 Current Books (India) Pvt. Ltd,Kottayam 145.00 551.49 NAG/AR 23918 Books
free website counter